[Event "U12 Blitz"]
[Site "austriaU12b"]
[Date "2020.12.11"]
[Round "3"]
[White "Schaf2009"]
[Black "Tobinator13"]
[Result "1-0"]
[WhiteElo "1658"]
[BlackElo "1620"]
[Annotator "NA RC"]
[PlyCount "67"]
[EventDate "2020.12.11"]
[EventType "blitz"]

1. d4 {[%emt 0:00:04]} d5 {[%emt 0:00:02]} 2. Bf4 {[%emt 0:00:02]} Nc6 {[%emt 0:00:05]} 3. e3 {[%emt 0:00:02]} Nf6 {[%emt 0:00:02]} 4. c4 {[%emt 0:00:01]} dxc4 {[%emt 0:00:07]} 5. Bxc4 {[%emt 0:00:02]} e6 {[%emt 0:00:05]} 6. Nc3 {[%emt 0:00:03]} Bb4 {[%emt 0:00:02]} 7. a3 {[%emt 0:00:04]} Bxc3+ {[%emt 0:00:02]} 8. bxc3 {[%emt 0:00:00]} O-O {[%emt 0:00:11]} 9. Bd3 {[%emt 0:00:12]} b6 {[%emt 0:00:05]} 10. Nf3 {[%emt 0:00:02]} Bb7 {[%emt 0:00:02]} 11. O-O {[%emt 0:00:21]} Re8 {[%emt 0:00:03]} 12. Re1 {[%emt 0:00:07]} Na5 {[%emt 0:00:12]} 13. e4 {[%emt 0:00:22]} Nb3 {[%emt 0:00:05]} 14. Qxb3 {[%emt 0:00:03]} Rc8 {[%emt 0:00:12]} 15. Bg5 {[%emt 0:00:09]} c5 {[%emt 0:00:05]} 16. e5 {[%emt 0:00:13]} Bxf3 {[%emt 0:00:12]} 17. Bxf6 {[%emt 0:00:07]} gxf6 {[%emt 0:00:05]} 18. gxf3 {[%emt 0:00:02]} fxe5 {[%emt 0:00:05]} 19. Rxe5 {[%emt 0:00:11]} cxd4 {[%emt 0:00:06]} 20. c4 {[%emt 0:00:21]} Qf6 {[%emt 0:00:06]} 21. Re4 {[%emt 0:00:05]} Qg6+ {[%emt 0:00:08]} 22. Rg4 {[%emt 0:00:01]} Qxg4+ {[%emt 0:00:07]} 23. fxg4 {[%emt 0:00:00]} a6 {[%emt 0:00:11]} 24. Re1 {[%emt 0:00:05]} b5 {[%emt 0:00:03]} 25. cxb5 {[%emt 0:00:03]} axb5 {[%emt 0:00:02]} 26. Bb1 {[%emt 0:00:03]} Rc3 {[%emt 0:00:10]} 27. Qxb5 {[%emt 0:00:03]} Rxa3 {[%emt 0:00:04]} 28. Qxe8+ {[%emt 0:00:02]} Kg7 {[%emt 0:00:03]} 29. Qe7 {[%emt 0:00:04]} Ra1 {[%emt 0:00:07]} 30. g5 {[%emt 0:00:03]} h6 {[%emt 0:00:04]} 31. Qf6+ {[%emt 0:00:02]} Kf8 {[%emt 0:00:03]} 32. gxh6 {[%emt 0:00:03]} d3 {[%emt 0:00:04]} 33. h7 {[%emt 0:00:01]} d2 {[%emt 0:00:04]} 34. h8=Q# {[%emt 0:00:03] Mate Mate} 1-0

[Event "U12 Blitz"]
[Site "austriaU12b"]
[Date "2020.12.11"]
[Round "3"]
[White "AdrianFischer"]
[Black "BlackKnight158"]
[Result "1/2-1/2"]
[WhiteElo "1640"]
[BlackElo "1596"]
[Annotator "NA RC"]
[PlyCount "149"]
[EventDate "2020.12.11"]
[EventType "blitz"]

1. e4 {[%emt 0:00:04]} e6 {[%emt 0:00:03]} 2. d4 {[%emt 0:00:03]} d5 {[%emt 0:00:01]} 3. exd5 {[%emt 0:00:02]} exd5 {[%emt 0:00:02]} 4. Nf3 {[%emt 0:00:03]} Bd6 {[%emt 0:00:05]} 5. Bd3 {[%emt 0:00:04]} Nf6 {[%emt 0:00:02]} 6. O-O {[%emt 0:00:09]} O-O {[%emt 0:00:03]} 7. c3 {[%emt 0:00:03]} c6 {[%emt 0:00:01]} 8. Nbd2 {[%emt 0:00:04]} Bg4 {[%emt 0:00:04]} 9. Re1 {[%emt 0:00:03]} Re8 {[%emt 0:00:03]} 10. h3 {[%emt 0:00:10]} Bh5 {[%emt 0:00:02]} 11. Rxe8+ {[%emt 0:00:19]} Qxe8 {[%emt 0:00:02]} 12. Qe2 {[%emt 0:00:02]} Nbd7 {[%emt 0:00:05]} 13. Nb3 {[%emt 0:00:04]} Bxf3 {[%emt 0:00:04]} 14. Qxf3 {[%emt 0:00:03]} Qe1+ {[%emt 0:00:15]} 15. Bf1 {[%emt 0:00:05]} Re8 {[%emt 0:00:12]} 16. Bd2 {[%emt 0:00:04]} Qe7 {[%emt 0:00:03]} 17. Re1 {[%emt 0:00:03]} Qd8 {[%emt 0:00:03]} 18. Rxe8+ {[%emt 0:00:04]} Qxe8 {[%emt 0:00:01]} 19. Qe2 {[%emt 0:00:02]} Ne4 {[%emt 0:00:02]} 20. f3 {[%emt 0:00:04]} Nef6 {[%emt 0:00:06]} 21. Qxe8+ {[%emt 0:00:04]} Nxe8 {[%emt 0:00:02]} 22. Na5 {[%emt 0:00:04]} Bg3 {[%emt 0:00:12]} 23. Nxb7 {[%emt 0:00:05]} Nef6 {[%emt 0:00:06]} 24. Bd3 {[%emt 0:00:04]} Kf8 {[%emt 0:00:32]} 25. Kf1 {[%emt 0:00:04]} Ke7 {[%emt 0:00:03]} 26. Ke2 {[%emt 0:00:07]} Nb6 {[%emt 0:00:02]} 27. Na5 {[%emt 0:00:08]} Kd6 {[%emt 0:00:02]} 28. Nb3 {[%emt 0:00:04]} g6 {[%emt 0:00:14]} 29. Nc5 {[%emt 0:00:06]} Nh5 {[%emt 0:00:06]} 30. Nb7+ {[%emt 0:00:06]} Kc7 {[%emt 0:00:04]} 31. Nc5 {[%emt 0:00:02]} Kd6 {[%emt 0:00:01]} 32. Be3 {[%emt 0:00:09]} Nf4+ {[%emt 0:00:03]} 33. Bxf4+ {[%emt 0:00:03]} Bxf4 {[%emt 0:00:01]} 34. b3 {[%emt 0:00:06]} Nd7 {[%emt 0:00:22]} 35. Nxd7 {[%emt 0:00:04]} Kxd7 {[%emt 0:00:01]} 36. c4 {[%emt 0:00:02]} dxc4 {[%emt 0:00:01]} 37. Bxc4 {[%emt 0:00:02]} f6 {[%emt 0:00:04]} 38. Bg8 {[%emt 0:00:04]} h6 {[%emt 0:00:02]} 39. Bf7 {[%emt 0:00:05]} g5 {[%emt 0:00:01]} 40. Kd3 {[%emt 0:00:02]} Kd6 {[%emt 0:00:07]} 41. Ke4 {[%emt 0:00:04]} Bd2 {[%emt 0:00:16]} 42. d5 {[%emt 0:00:11]} Bc3 {[%emt 0:00:09]} 43. dxc6 {[%emt 0:00:03]} Kxc6 {[%emt 0:00:03]} 44. Kf5 {[%emt 0:00:01]} Kc5 {[%emt 0:00:02]} 45. a3 {[%emt 0:00:05]} a5 {[%emt 0:00:12]} 46. Kg6 {[%emt 0:00:03]} Kd4 {[%emt 0:00:02]} 47. Kxh6 {[%emt 0:00:03]} Ke3 {[%emt 0:00:01]} 48. Bd5 {[%emt 0:00:11]} Kf4 {[%emt 0:00:02]} 49. Kh5 {[%emt 0:00:13]} Kg3 {[%emt 0:00:01]} 50. Bc6 {[%emt 0:00:20]} Kxg2 {[%emt 0:00:04]} 51. f4+ {[%emt 0:00:07]} Kxh3 {[%emt 0:00:03]} 52. fxg5 {[%emt 0:00:01]} fxg5 {[%emt 0:00:05]} 53. Kxg5 {[%emt 0:00:01]} Kg3 {[%emt 0:00:01]} 54. Kf5 {[%emt 0:00:01]} Kf2 {[%emt 0:00:02]} 55. Ke4 {[%emt 0:00:01]} Ke2 {[%emt 0:00:01]} 56. Kd5 {[%emt 0:00:01]} Kd3 {[%emt 0:00:02]} 57. Kc5 {[%emt 0:00:02]} Be1 {[%emt 0:00:03]} 58. Bb5+ {[%emt 0:00:04]} Kc3 {[%emt 0:00:02]} 59. Bc4 {[%emt 0:00:03]} Kb2 {[%emt 0:00:02]} 60. a4 {[%emt 0:00:03]} Kc2 {[%emt 0:00:02]} 61. Bg8 {[%emt 0:00:03]} Bb4+ {[%emt 0:00:01]} 62. Kb5 {[%emt 0:00:03]} Kc1 {[%emt 0:00:02]} 63. Bc4 {[%emt 0:00:03] BlackKnight158 offers a draw} Kb2 {[%emt 0:00:05]} 64. Bd5 {[%emt 0:00:13]} Ka3 {[%emt 0:00:02]} 65. Be6 {[%emt 0:00:02]} Kb2 {[%emt 0:00:01]} 66. Bf7 {[%emt 0:00:01]} Kc1 {[%emt 0:00:00]} 67. Be6 {[%emt 0:00:01]} Kd2 {[%emt 0:00:00]} 68. Bf7 {[%emt 0:00:01]} Ke3 {[%emt 0:00:00]} 69. Be6 {[%emt 0:00:01]} Kf4 {[%emt 0:00:00]} 70. Bd5 {[%emt 0:00:01]} Ke5 {[%emt 0:00:00]} 71. Bc4 {[%emt 0:00:01]} Kd4 {[%emt 0:00:01]} 72. Bf7 {[%emt 0:00:01]} Ke5 {[%emt 0:00:01]} 73. Bc4 {[%emt 0:00:01]} Kd4 {[%emt 0:00:01]} 74. Bf7 {[%emt 0:00:01]} Ke5 {[%emt 0:00:01]} 75. Bc4 {[%emt 0:00:01] Threefold Rep Threefold Rep} 1/2-1/2

[Event "U12 Blitz"]
[Site "austriaU12b"]
[Date "2020.12.11"]
[Round "3"]
[White "BaurechtJunior"]
[Black "SimonG08"]
[Result "0-1"]
[WhiteElo "1620"]
[BlackElo "1772"]
[Annotator "NA RC"]
[PlyCount "168"]
[EventDate "2020.12.11"]
[EventType "blitz"]

1. e4 {[%emt 0:00:03]} c6 {[%emt 0:00:03]} 2. d4 {[%emt 0:00:02]} d5 {[%emt 0:00:02]} 3. Nc3 {[%emt 0:00:03]} dxe4 {[%emt 0:00:03]} 4. Nxe4 {[%emt 0:00:03]} Bf5 {[%emt 0:00:02]} 5. Bd3 {[%emt 0:00:03]} Qxd4 {[%emt 0:00:10]} 6. Nf3 {[%emt 0:00:07]} Qd8 {[%emt 0:00:08]} 7. O-O {[%emt 0:00:07]} Bxe4 {[%emt 0:00:02]} 8. Bxe4 {[%emt 0:00:02]} Qxd1 {[%emt 0:00:01]} 9. Rxd1 {[%emt 0:00:02]} Nf6 {[%emt 0:00:00]} 10. Bf5 {[%emt 0:00:14]} e6 {[%emt 0:00:02]} 11. Bh3 {[%emt 0:00:09]} Be7 {[%emt 0:00:04]} 12. Be3 {[%emt 0:00:04]} O-O {[%emt 0:00:19]} 13. Rd2 {[%emt 0:00:03]} Nbd7 {[%emt 0:00:03]} 14. Rad1 {[%emt 0:00:03]} Nd5 {[%emt 0:00:18]} 15. c4 {[%emt 0:00:07]} Nxe3 {[%emt 0:00:02]} 16. fxe3 {[%emt 0:00:05]} Nf6 {[%emt 0:00:04]} 17. Rd4 {[%emt 0:00:17]} Rfd8 {[%emt 0:00:03]} 18. Ne5 {[%emt 0:00:20]} Rxd4 {[%emt 0:00:11]} 19. Rxd4 {[%emt 0:00:03]} Bc5 {[%emt 0:00:01]} 20. Rd3 {[%emt 0:00:03]} Bb6 {[%emt 0:00:25]} 21. Kf2 {[%emt 0:00:10]} Rd8 {[%emt 0:00:08]} 22. Rxd8+ {[%emt 0:00:06]} Bxd8 {[%emt 0:00:00]} 23. c5 {[%emt 0:00:09]} Bc7 {[%emt 0:00:02]} 24. Ng4 {[%emt 0:00:18]} Ne4+ {[%emt 0:00:04]} 25. Kf3 {[%emt 0:00:05]} Nxc5 {[%emt 0:00:03]} 26. b4 {[%emt 0:00:08]} Nd3 {[%emt 0:00:06]} 27. a3 {[%emt 0:00:04]} Ne5+ {[%emt 0:00:07]} 28. Nxe5 {[%emt 0:00:04]} Bxe5 {[%emt 0:00:00]} 29. Kf2 {[%emt 0:00:07]} Kf8 {[%emt 0:00:03]} 30. Bg4 {[%emt 0:00:06]} Ke7 {[%emt 0:00:02]} 31. Be2 {[%emt 0:00:02]} Kd6 {[%emt 0:00:07]} 32. Bc4 {[%emt 0:00:02]} b5 {[%emt 0:00:02]} 33. Bb3 {[%emt 0:00:03]} Bb2 {[%emt 0:00:03]} 34. a4 {[%emt 0:00:03]} Bc3 {[%emt 0:00:08]} 35. axb5 {[%emt 0:00:02]} cxb5 {[%emt 0:00:02]} 36. Bc2 {[%emt 0:00:07]} h6 {[%emt 0:00:07]} 37. Bd3 {[%emt 0:00:07]} a6 {[%emt 0:00:03]} 38. e4 {[%emt 0:00:06]} Bxb4 {[%emt 0:00:02]} 39. Ke3 {[%emt 0:00:01]} Bc5+ {[%emt 0:00:02]} 40. Kd2 {[%emt 0:00:06]} g6 {[%emt 0:00:08]} 41. Kc3 {[%emt 0:00:10]} f5 {[%emt 0:00:03]} 42. exf5 {[%emt 0:00:06]} exf5 {[%emt 0:00:00]} 43. g3 {[%emt 0:00:08]} Kd5 {[%emt 0:00:01]} 44. h3 {[%emt 0:00:02]} Kc6 {[%emt 0:00:08]} 45. Kd2 {[%emt 0:00:01]} Bf2 {[%emt 0:00:08]} 46. g4 {[%emt 0:00:04]} fxg4 {[%emt 0:00:01]} 47. hxg4 {[%emt 0:00:02]} g5 {[%emt 0:00:01]} 48. Be4+ {[%emt 0:00:03]} Kc5 {[%emt 0:00:02]} 49. Kc3 {[%emt 0:00:01]} a5 {[%emt 0:00:04]} 50. Bd3 {[%emt 0:00:02]} Bd4+ {[%emt 0:00:02]} 51. Kb3 {[%emt 0:00:03]} a4+ {[%emt 0:00:05]} 52. Ka3 {[%emt 0:00:01]} Be3 {[%emt 0:00:03]} 53. Kb2 {[%emt 0:00:02]} Kb4 {[%emt 0:00:02]} 54. Kc2 {[%emt 0:00:02]} a3 {[%emt 0:00:08]} 55. Kb1 {[%emt 0:00:02]} Kc3 {[%emt 0:00:07]} 56. Bxb5 {[%emt 0:00:02]} Bc5 {[%emt 0:00:03]} 57. Ka2 {[%emt 0:00:03]} Kb4 {[%emt 0:00:01]} 58. Bd7 {[%emt 0:00:01]} Bd4 {[%emt 0:00:02]} 59. Bf5 {[%emt 0:00:02]} Bb2 {[%emt 0:00:03]} 60. Be6 {[%emt 0:00:01]} Kc3 {[%emt 0:00:05]} 61. Bf5 {[%emt 0:00:01]} Kd4 {[%emt 0:00:06]} 62. Be6 {[%emt 0:00:01]} Ke4 {[%emt 0:00:02]} 63. Bf5+ {[%emt 0:00:01]} Kf4 {[%emt 0:00:03]} 64. Bc8 {[%emt 0:00:02]} Bc1 {[%emt 0:00:02]} 65. Bf5 {[%emt 0:00:02]} h5 {[%emt 0:00:02]} 66. gxh5 {[%emt 0:00:02]} Kxf5 {[%emt 0:00:02]} 67. h6 {[%emt 0:00:01]} Kg6 {[%emt 0:00:02]} 68. h7 {[%emt 0:00:02]} Kxh7 {[%emt 0:00:01]} 69. Kb1 {[%emt 0:00:02]} Bb2 {[%emt 0:00:04]} 70. Ka2 {[%emt 0:00:01]} Kg6 {[%emt 0:00:02]} 71. Kb1 {[%emt 0:00:02]} Kf5 {[%emt 0:00:01]} 72. Ka2 {[%emt 0:00:01]} Kf4 {[%emt 0:00:01]} 73. Kb1 {[%emt 0:00:01]} Kf3 {[%emt 0:00:01]} 74. Ka2 {[%emt 0:00:01]} g4 {[%emt 0:00:01]} 75. Kb1 {[%emt 0:00:01]} g3 {[%emt 0:00:01]} 76. Ka2 {[%emt 0:00:01]} g2 {[%emt 0:00:01]} 77. Kb1 {[%emt 0:00:02]} g1=Q+ {[%emt 0:00:01]} 78. Ka2 {[%emt 0:00:08]} Qa1+ {[%emt 0:00:01]} 79. Kb3 {[%emt 0:00:03]} Bf6 {[%emt 0:00:03]} 80. Ka4 {[%emt 0:00:03]} Qd4+ {[%emt 0:00:04]} 81. Kxa3 {[%emt 0:00:01]} Be7+ {[%emt 0:00:03]} 82. Kb3 {[%emt 0:00:03]} Qd3+ {[%emt 0:00:01]} 83. Ka4 {[%emt 0:00:04]} Qc4+ {[%emt 0:00:03]} 84. Ka5 {[%emt 0:00:02]} Bd8# {[%emt 0:00:01] Mate Mate} 0-1

[Event "U12 Blitz"]
[Site "austriaU12b"]
[Date "2020.12.11"]
[Round "3"]
[White "Julian64"]
[Black "Ppe1968"]
[Result "0-1"]
[WhiteElo "1609"]
[BlackElo "1894"]
[Annotator "NA RC"]
[PlyCount "92"]
[EventDate "2020.12.11"]
[EventType "blitz"]

1. d4 {[%emt 0:00:04]} d5 {[%emt 0:00:08]} 2. c4 {[%emt 0:00:01]} e6 {[%emt 0:00:01]} 3. Nc3 {[%emt 0:00:02]} Nf6 {[%emt 0:00:01]} 4. cxd5 {[%emt 0:00:01]} exd5 {[%emt 0:00:01]} 5. Bg5 {[%emt 0:00:01]} c6 {[%emt 0:00:02]} 6. e3 {[%emt 0:00:01]} Bd6 {[%emt 0:00:13]} 7. Bd3 {[%emt 0:00:11]} O-O {[%emt 0:00:05]} 8. Qc2 {[%emt 0:00:05]} h6 {[%emt 0:00:01]} 9. Bh4 {[%emt 0:00:02]} a5 {[%emt 0:00:11]} 10. Nge2 {[%emt 0:00:08]} Na6 {[%emt 0:00:03]} 11. a3 {[%emt 0:00:06]} Nc7 {[%emt 0:00:06]} 12. O-O {[%emt 0:00:22]} Ne6 {[%emt 0:00:01]} 13. f3 {[%emt 0:00:07]} c5 {[%emt 0:00:17]} 14. Nxd5 {[%emt 0:00:26]} g5 {[%emt 0:00:46]} 15. Nxf6+ {[%emt 0:00:03]} Qxf6 {[%emt 0:00:00]} 16. Bf2 {[%emt 0:00:10]} cxd4 {[%emt 0:00:02]} 17. Nxd4 {[%emt 0:00:07]} Nxd4 {[%emt 0:00:02]} 18. exd4 {[%emt 0:00:01]} Bd7 {[%emt 0:00:03]} 19. Be4 {[%emt 0:00:05]} Rfc8 {[%emt 0:00:23]} 20. Qd3 {[%emt 0:00:15]} Rab8 {[%emt 0:00:10]} 21. Rac1 {[%emt 0:00:08]} Rxc1 {[%emt 0:00:06]} 22. Rxc1 {[%emt 0:00:04]} Qf4 {[%emt 0:00:00]} 23. Rc3 {[%emt 0:00:48]} Qxh2+ {[%emt 0:00:01]} 24. Kf1 {[%emt 0:00:01]} Qh1+ {[%emt 0:00:06]} 25. Bg1 {[%emt 0:00:15]} Bh2 {[%emt 0:00:07]} 26. Qe3 {[%emt 0:00:01]} Bb5+ {[%emt 0:00:14]} 27. Bd3 {[%emt 0:00:05]} Re8 {[%emt 0:00:01]} 28. Qf2 {[%emt 0:00:08]} Bxg1 {[%emt 0:00:03]} 29. Qxg1 {[%emt 0:00:01]} Re1+ {[%emt 0:00:01]} 30. Kxe1 {[%emt 0:00:07]} Qxg1+ {[%emt 0:00:01]} 31. Kd2 {[%emt 0:00:00]} Qxg2+ {[%emt 0:00:04]} 32. Kc1 {[%emt 0:00:02]} Bxd3 {[%emt 0:00:07]} 33. Rxd3 {[%emt 0:00:01]} Qf1+ {[%emt 0:00:02]} 34. Kc2 {[%emt 0:00:01]} h5 {[%emt 0:00:04]} 35. d5 {[%emt 0:00:02]} Qe2+ {[%emt 0:00:03]} 36. Kc3 {[%emt 0:00:02]} Qe5+ {[%emt 0:00:03]} 37. Kc4 {[%emt 0:00:04]} Qd6 {[%emt 0:00:02]} 38. b4 {[%emt 0:00:04]} axb4 {[%emt 0:00:01]} 39. axb4 {[%emt 0:00:01]} h4 {[%emt 0:00:00]} 40. Re3 {[%emt 0:00:03]} h3 {[%emt 0:00:07]} 41. Re2 {[%emt 0:00:06]} h2 {[%emt 0:00:01]} 42. Re1 {[%emt 0:00:01]} Qf4+ {[%emt 0:00:03]} 43. Kc5 {[%emt 0:00:01]} Qxf3 {[%emt 0:00:04]} 44. d6 {[%emt 0:00:01]} Qc6+ {[%emt 0:00:01]} 45. Kd4 {[%emt 0:00:02]} Qxd6+ {[%emt 0:00:01]} 46. Ke4 {[%emt 0:00:00]} Qe6+ {[%emt 0:00:01] Julian64 resigns} 0-1

[Event "U12 Blitz"]
[Site "austriaU12b"]
[Date "2020.12.11"]
[Round "3"]
[White "Marty McFly"]
[Black "Schragerlaufer"]
[Result "1-0"]
[WhiteElo "1574"]
[BlackElo "1620"]
[Annotator "NA RC"]
[PlyCount "125"]
[EventDate "2020.12.11"]
[EventType "blitz"]

1. e4 {[%emt 0:00:03]} e5 {[%emt 0:00:03]} 2. Nf3 {[%emt 0:00:02]} Nc6 {[%emt 0:00:01]} 3. Bc4 {[%emt 0:00:02]} Nf6 {[%emt 0:00:03]} 4. Nc3 {[%emt 0:00:01]} Bc5 {[%emt 0:00:04]} 5. d3 {[%emt 0:00:01]} O-O {[%emt 0:00:02]} 6. Bg5 {[%emt 0:00:02]} h6 {[%emt 0:00:05]} 7. Bh4 {[%emt 0:00:01]} Be7 {[%emt 0:00:04]} 8. Bxf6 {[%emt 0:00:05]} Bxf6 {[%emt 0:00:01]} 9. Nd5 {[%emt 0:00:01]} Be7 {[%emt 0:00:14]} 10. Nxe7+ {[%emt 0:00:02]} Qxe7 {[%emt 0:00:02]} 11. O-O {[%emt 0:00:02]} d6 {[%emt 0:00:01]} 12. Re1 {[%emt 0:00:08]} Qf6 {[%emt 0:00:02]} 13. c3 {[%emt 0:00:02]} Qg6 {[%emt 0:00:02]} 14. Nd2 {[%emt 0:00:17]} Bh3 {[%emt 0:00:08]} 15. g3 {[%emt 0:00:02]} Bg4 {[%emt 0:00:05]} 16. f3 {[%emt 0:00:03]} Bc8 {[%emt 0:00:12]} 17. Nf1 {[%emt 0:00:06]} Qf6 {[%emt 0:00:06]} 18. Kg2 {[%emt 0:00:04]} Be6 {[%emt 0:00:02]} 19. Bxe6 {[%emt 0:00:03]} fxe6 {[%emt 0:00:01]} 20. Ne3 {[%emt 0:00:03]} Rad8 {[%emt 0:00:07]} 21. Ng4 {[%emt 0:00:05]} Qf7 {[%emt 0:00:02]} 22. Rf1 {[%emt 0:00:03]} h5 {[%emt 0:00:12]} 23. Ne3 {[%emt 0:00:02]} d5 {[%emt 0:00:13]} 24. Qe2 {[%emt 0:00:08]} Rd7 {[%emt 0:00:09]} 25. exd5 {[%emt 0:00:16]} exd5 {[%emt 0:00:05]} 26. f4 {[%emt 0:00:02]} exf4 {[%emt 0:00:14]} 27. Rxf4 {[%emt 0:00:02]} Qe8 {[%emt 0:00:06]} 28. Rxf8+ {[%emt 0:00:02]} Qxf8 {[%emt 0:00:02]} 29. Rf1 {[%emt 0:00:03]} Rf7 {[%emt 0:00:04]} 30. d4 {[%emt 0:00:04]} Rxf1 {[%emt 0:00:12]} 31. Qxf1 {[%emt 0:00:03]} Qxf1+ {[%emt 0:00:04]} 32. Kxf1 {[%emt 0:00:02]} Ne7 {[%emt 0:00:02]} 33. Kf2 {[%emt 0:00:02]} Kf7 {[%emt 0:00:01]} 34. Kf3 {[%emt 0:00:01]} Kf6 {[%emt 0:00:06]} 35. Kf4 {[%emt 0:00:05]} g6 {[%emt 0:00:03]} 36. g4 {[%emt 0:00:06]} hxg4 {[%emt 0:00:03]} 37. Nxg4+ {[%emt 0:00:02]} Kg7 {[%emt 0:00:09]} 38. Ke5 {[%emt 0:00:05]} Kf7 {[%emt 0:00:15]} 39. Ne3 {[%emt 0:00:04]} c6 {[%emt 0:00:10]} 40. c4 {[%emt 0:00:06]} dxc4 {[%emt 0:00:03]} 41. Nxc4 {[%emt 0:00:02]} Nf5 {[%emt 0:00:08]} 42. Nd6+ {[%emt 0:00:02]} Nxd6 {[%emt 0:00:01]} 43. Kxd6 {[%emt 0:00:01]} Kf6 {[%emt 0:00:10]} 44. Kc7 {[%emt 0:00:04]} Ke6 {[%emt 0:00:01]} 45. Kxb7 {[%emt 0:00:02]} Kd5 {[%emt 0:00:01]} 46. Kxa7 {[%emt 0:00:01]} Kxd4 {[%emt 0:00:01]} 47. a4 {[%emt 0:00:01]} Kc5 {[%emt 0:00:01]} 48. a5 {[%emt 0:00:02]} Kb5 {[%emt 0:00:01]} 49. a6 {[%emt 0:00:01]} c5 {[%emt 0:00:06]} 50. Kb7 {[%emt 0:00:01]} c4 {[%emt 0:00:03]} 51. a7 {[%emt 0:00:01] Schragerlaufer offers a draw} Kb4 {[%emt 0:00:05]} 52. a8=Q {[%emt 0:00:03]} Kb3 {[%emt 0:00:01]} 53. Qa3+ {[%emt 0:00:02]} Kc2 {[%emt 0:00:02]} 54. Qc3+ {[%emt 0:00:01]} Kb1 {[%emt 0:00:01]} 55. Qxc4 {[%emt 0:00:02]} Kxb2 {[%emt 0:00:03]} 56. Qg4 {[%emt 0:00:03]} g5 {[%emt 0:00:01]} 57. Qxg5 {[%emt 0:00:01]} Ka1 {[%emt 0:00:01]} 58. Qb5 {[%emt 0:00:02]} Ka2 {[%emt 0:00:02]} 59. Kc6 {[%emt 0:00:02]} Ka1 {[%emt 0:00:01]} 60. Kc5 {[%emt 0:00:00]} Ka2 {[%emt 0:00:01]} 61. Kc4 {[%emt 0:00:00]} Ka1 {[%emt 0:00:01]} 62. Kc3 {[%emt 0:00:00]} Ka2 {[%emt 0:00:01]} 63. Qb2# {[%emt 0:00:01] Mate Mate} 1-0

[Event "U12 Blitz"]
[Site "austriaU12b"]
[Date "2020.12.11"]
[Round "3"]
[White "Uhtred08"]
[Black "Julian17"]
[Result "0-1"]
[WhiteElo "1538"]
[BlackElo "1787"]
[Annotator "NA RC"]
[PlyCount "60"]
[EventDate "2020.12.11"]
[EventType "blitz"]

1. e4 {[%emt 0:00:04]} c5 {[%emt 0:00:01]} 2. Nf3 {[%emt 0:00:03]} e6 {[%emt 0:00:01]} 3. d4 {[%emt 0:00:01]} cxd4 {[%emt 0:00:00]} 4. Nxd4 {[%emt 0:00:01]} Nc6 {[%emt 0:00:00]} 5. Nc3 {[%emt 0:00:03]} Nf6 {[%emt 0:00:01]} 6. f3 {[%emt 0:00:05]} Bb4 {[%emt 0:00:03]} 7. Be3 {[%emt 0:00:08]} d5 {[%emt 0:00:04]} 8. e5 {[%emt 0:00:12]} Nxe5 {[%emt 0:00:04]} 9. Qd2 {[%emt 0:00:10]} Nc6 {[%emt 0:00:07]} 10. O-O-O {[%emt 0:00:04]} e5 {[%emt 0:00:23]} 11. Nxc6 {[%emt 0:00:07]} bxc6 {[%emt 0:00:01]} 12. Re1 {[%emt 0:00:28]} O-O {[%emt 0:00:06]} 13. a3 {[%emt 0:00:08]} Ba5 {[%emt 0:00:04]} 14. Bc5 {[%emt 0:00:03]} Re8 {[%emt 0:00:04]} 15. Bd3 {[%emt 0:00:19]} Nd7 {[%emt 0:00:18]} 16. b4 {[%emt 0:00:16]} Nxc5 {[%emt 0:00:08]} 17. bxa5 {[%emt 0:00:02]} Qxa5 {[%emt 0:00:05]} 18. f4 {[%emt 0:00:07]} e4 {[%emt 0:00:05]} 19. Bxe4 {[%emt 0:00:23]} Qxa3+ {[%emt 0:00:07]} 20. Kd1 {[%emt 0:00:02]} dxe4 {[%emt 0:00:11]} 21. Nxe4 {[%emt 0:00:06]} Bg4+ {[%emt 0:00:05]} 22. Re2 {[%emt 0:00:12]} Nxe4 {[%emt 0:00:03]} 23. Ke1 {[%emt 0:00:04]} Nxd2 {[%emt 0:00:05]} 24. Rxe8+ {[%emt 0:00:02]} Rxe8+ {[%emt 0:00:02]} 25. Kxd2 {[%emt 0:00:02]} Qb4+ {[%emt 0:00:04]} 26. Kc1 {[%emt 0:00:02]} Re2 {[%emt 0:00:02]} 27. Rd1 {[%emt 0:00:09]} h6 {[%emt 0:00:04]} 28. Rd8+ {[%emt 0:00:02]} Kh7 {[%emt 0:00:01]} 29. f5 {[%emt 0:00:02]} Qc3 {[%emt 0:00:07]} 30. h3 {[%emt 0:00:03]} Qxc2# {[%emt 0:00:02] Mate Mate} 0-1

[Event "U12 Blitz"]
[Site "austriaU12b"]
[Date "2020.12.11"]
[Round "3"]
[White "JoniFei"]
[Black "Viktor09"]
[Result "0-1"]
[WhiteElo "1515"]
[BlackElo "1787"]
[Annotator "NA RC"]
[PlyCount "58"]
[EventDate "2020.12.11"]
[EventType "blitz"]
[TimeControl "180+2"]

1. e4 {[%emt 0:00:09]} c5 {[%emt 0:00:03]} 2. Nf3 {[%emt 0:00:02]} Nc6 {[%emt 0:00:01]} 3. c3 {[%emt 0:00:02]} d5 {[%emt 0:00:02]} 4. exd5 {[%emt 0:00:02]} Qxd5 {[%emt 0:00:01]} 5. d3 {[%emt 0:00:17]} Nf6 {[%emt 0:00:10]} 6. Be3 {[%emt 0:00:09]} e6 {[%emt 0:00:04]} 7. Be2 {[%emt 0:00:05]} Be7 {[%emt 0:00:05]} 8. O-O {[%emt 0:00:05]} O-O {[%emt 0:00:02]} 9. Qc2 {[%emt 0:00:03]} Qd8 {[%emt 0:00:06]} 10. Nbd2 {[%emt 0:00:03]} b5 {[%emt 0:00:05]} 11. a4 {[%emt 0:00:03]} b4 {[%emt 0:00:15]} 12. Bxc5 {[%emt 0:00:32]} Bxc5 {[%emt 0:00:06]} 13. cxb4 {[%emt 0:00:04]} Bxf2+ {[%emt 0:00:12]} 14. Rxf2 {[%emt 0:00:04]} Nxb4 {[%emt 0:00:01]} 15. Qc3 {[%emt 0:00:04]} Nbd5 {[%emt 0:00:04]} 16. Qe5 {[%emt 0:00:06]} Ba6 {[%emt 0:00:07]} 17. Ne4 {[%emt 0:00:05]} Rb8 {[%emt 0:00:13]} 18. Bf1 {[%emt 0:00:15] Restarted W (13.16e) Restarted B (13.16e) OK OK} (18. h3 $17 {keeps fighting.}) 18... Ng4 {[%emt 0:00:05]} 19. Qg3 {[%emt 0:00:07]} Nxf2 {[%emt 0:00:01]} 20. Qxf2 {[%emt 0:00:03]} Qb6 {[%emt 0:00:04]} 21. Qxb6 {[%emt 0:00:25]} Rxb6 {[%emt 0:00:04]} 22. Ra2 {[%emt 0:00:01]} Rfb8 {[%emt 0:00:05]} 23. Ne5 {[%emt 0:00:05]} Rxb2 {[%emt 0:00:06]} 24. Rxb2 {[%emt 0:00:01]} Rxb2 {[%emt 0:00:03]} 25. Nc4 {[%emt 0:00:02]} Bxc4 {[%emt 0:00:04]} 26. dxc4 {[%emt 0:00:01]} Ne3 {[%emt 0:00:05]} 27. c5 {[%emt 0:00:05]} Nxf1 {[%emt 0:00:13]} 28. Kxf1 {[%emt 0:00:02]} Rc2 {[%emt 0:00:01]} 29. h3 {[%emt 0:00:09]} Rc4 {[%emt 0:00:02] JoniFei resigns Viktor09 reconnected.} 0-1